000 00469nam a2200181Ia 4500
001 1625
005 20260306143742.0
008 260306t2017||||xx |||||||||||||| ||spa||
041 _aESP
082 _a153.6
_bC75
100 _aColomina, Belén
_eAUT
245 0 _aMindfulness para familias:
_buna maravillosa expedición con miles de estrellas
260 _c2017
300 _a199 páginas :
_c21 cm.
650 _aGEN
654 _aCPS
942 _cLIB
_dJUS
_fJUS
_2ddc
_n
999 _c1625
_d1625